QCM Saint Louis. - Statistiques

Statistiques générales
  • Ce quiz a été pris 294 fois
    292 depuis la dernière actualisation
  • Le résultat moyen est 9 sur 15
Statistiques - réponses
Question Réponse % Correct
À quel âge accède-t-il au trône? 12 ans
85%
Qui sont ses parents? Louis VIII et Blanche de Castille
82%
Quelle université est fondée par Saint Louis? La Sorbonne
74%
Durant quel campagne est-il fait prisonnier? 7e Croisade
69%
Quel bâtiment Louis IX fait-il construire pour l'abriter? Sainte Chapelle
69%
En quelle année nait Louis IX? 1214
68%
En quelle année meurt-il? 1270
68%
À qui Louis IX est-il marié? Marguerite de Provence
66%
En quelle année est-il canonisé (proclamé saint)? 1297
59%
Quelle précieuse relique Louis IX a-t-il acheté à l'empereur byzantin Baudouin II? La couronne d'épine
59%
Contre quel roi d'Angleterre lutta-t-il durant les premières années de son règne? Henri III
51%
Qui lui succède? Philippe III
40%
Quelle mesure Louis IX imposa-t-il pour les Juifs? Le port de la rouelle
35%
De quelle maladie? Scorbut
19%
Quelle appellation désigne Louis IX? Louis IX, «Le Prudhomme»
13%
Aucun quiz correspondant
Distribution des résultats
% des personnes avec chaque résultat
Percentile par nombre de réponses
Votre historique - résultats
Vous n’avez pas pris ce quiz depuis la dernière actualisation